| 000 | 00000nam##2200000za#4500 |
| 001 | 9.663283 |
| 003 | CaOODSP |
| 005 | 20200330131840 |
| 007 | ta |
| 008 | 150407|2001||||xxc||||| f|0| 0 eng|d |
| 020 | |a0-662-66152-4 |
| 040 | |aCaOODSP|beng |
| 041 | |aeng |
| 041 | |afre |
| 043 | |an-cn--- |
| 086 | 1 |aFs23-407/2001 |
| 110 | 1 |aCanada. |bDepartment of Fisheries and Oceans. |
| 245 | 10|aPartnerships for living oceans: Canadian Oceans Stewardship Conference report, June 6-8, 2001, Vancouver, British Columbia |
| 260 | |aOttawa - Ontario : |bFisheries and Oceans Canada |c2001. |
| 300 | |aEnglish text, 17p. : |billus. ; |c22 cm. |
| 546 | |aBilingual |
| 563 | |aSoftcover |
| 590 | |a01-51|b2001-12-28 |
| 690 | 07|aOceans|2gcpds |
| 690 | 07|aMarine ecosystems|2gcpds |
| 690 | 07|aConferences|2gcpds |
| 776 | 0#|tPartnerships for living oceans : |w(CaOODSP)9.696191 |
| 792 | |tPartenariats-garder les océans en vie: Conférence canadienne sur l'intendance des océans, 6-8 juin, 2001, Vancouver, Colombie-Britannique |efre|w(CaOODSP)9.663284 |